Manual del exportador hortofrutícola 1990 1991

Uloženo v:
Podrobná bibliografie
Korporativní autor: Fundación Chile (Autor)
Médium: Kniha
Jazyk:španělština
Vydáno: Santiago Fundación Chile 1991
Vydání:2a. ed
Témata:
Tagy: Přidat tag
Žádné tagy, Buďte první, kdo vytvoří štítek k tomuto záznamu!

MARC

LEADER 00000nam a2200000 a 4500
001 UCQ6365
003 CL-VaPUC
008 981016e19910000CL |||||||||||||||||spa|d
082 0 4 |a 382.4  |b FUN  |2 21 
110 2 |a Fundación Chile  |e author  |9 420245 
245 1 0 |a Manual del exportador hortofrutícola 1990 1991 
250 |a 2a. ed 
300 |a 379 p 
942 |c BK 
945 |d 19981016 00:00:00  |a aarredon 
260 |a Santiago  |b Fundación Chile  |c 1991 
650 0 |a Hortalizas  |9 259501 
650 0 |a Frutas  |9 259500 
650 0 |a Productos hortícolas   |9 259631 
650 7 |a EXPORTACIONES  |2 CL-VaPUC  |9 255382 
650 0 |a Comercialización   |9 259326 
583 |a last modification  |c 19981016 00:00:00  |k Rodrigo Vera 
999 |c 276346  |d 276344